MARC

LEADER 00000nam0a2200000 4500
001 327238
005 20231102003936.0
035 |a (RuTPU)RU\TPU\book\352898 
035 |a RU\TPU\book\303732 
035 |a RU\TPU\book\352898 
090 |a 327238 
100 |a 20141229d1979 k y0rusy5003 ca 
101 0 |a rus 
102 |a RU 
105 |a a z 001zy 
200 1 |a Трубопроводный транспорт нефти и газа  |e [сборник трудов]  |f Московский институт нефтехимической и газовой промышленности им. И. М. Губкина (МИНХиГП) ; отв. ред. В. А. Юфин 
210 |a Москва  |c Изд-во МИНХиГП  |d 1979 
215 |a 189 с.  |c ил. 
225 1 |a Труды Московского института нефтехимической и газовой промышленности (МИНХ и ГП)  |v Вып. 141 
320 |a Библиогр. в конце статей 
606 1 |a Трубопроводный транспорт нефти и газа  |x Горное дело  |2 stltpush  |3 (RuTPU)RU\TPU\subj\61734  |9 78897 
610 1 |a нефть 
610 1 |a природные горючие газы 
610 1 |a транспортировка 
610 1 |a магистральные газонефтепроводы 
610 1 |a техническая диагностика 
610 1 |a нефтепродукты 
610 1 |a хранение 
610 1 |a очистные сооружения 
610 1 |a железнодорожные цистерны 
675 |a 622.69  |z rus  |v 3 
675 |a 622.279  |v 3 
702 1 |a Юфин  |b В. А.  |g Всеволод Александрович  |4 340 
712 0 2 |a Московский институт нефтехимической и газовой промышленности им. И. М. Губкина (МИНХиГП)  |c (1958-1991)  |2 stltpush  |3 (RuTPU)RU\TPU\col\5781 
801 1 |a RU  |b 63413507  |c 20091201 
801 2 |a RU  |b 63413507  |c 20201222  |g RCR 
942 |c BK